Цяр (Запис номер 472972)
[ съкратено ]
| 000 -Лидер | |
|---|---|
| Контролно поле с фиксирана дължина | nam a22 a 4500 |
| 003 - Код на организацията, давaща контролен номер | |
| Контролно поле | BLK |
| 005 - Дата и час на последна редакция | |
| Контролно поле | 20220909133926.0 |
| 008 - Елементи от данни с фиксирана дължина | |
| fixed length control field | 200930b bu |||||r|||| 00| | bu d |
| 020 ## - Международен стандартен номер на книга ISBN | |
| Международен стандартен номер на книга ISBN | 9786199208601 |
| 040 ## - Източник на каталожния запис | |
| Идентификатор на билиотеката - собственик на записа | BLK |
| 041 ## - Код за език | |
| Код за езика на текст/звукозапис или на отделно заглавие | Български |
| Код за езика КДБФ | Български |
| 080 ## - УДК | |
| Текстов определител УДК | Особености на духовния живот. Съзнание. Духовно развитие на човека. Диференциална психология. Генетична психология. Еволюционна психология |
| УДК код - определител по УДК | 159.922 |
| УДК - код + определител | 159.922 |
| 080 ## - УДК | |
| Текстов определител УДК | Българска литература |
| УДК код - определител по УДК | 821.163.2 |
| УДК определител | -8 |
| УДК - код + определител | 821.163.2-8 |
| 100 ## - Редна дума - Автор | |
| R(LIN) | 480555 |
| Автор | Милчева, Ирина Петрова |
| Авторска отговорност | първи автор |
| 139 ## - Редно поле | |
| Редна дума | Милчева, Ирина Петрова |
| 245 ## - Сведения за заглавието | |
| Заглавие | Цяр |
| Подзаглавни данни | Сборник |
| Редно поле (дума) | Ирина Милчева. |
| 257 ## - Страна на издаване | |
| Страна на създаване/издаване | България |
| 260 ## - Област на издателските данни | |
| 9 (RLIN) | 480556 |
| Място на издаване, разпространение и проч. | Пловдив |
| Име на издателя, разпространителя и проч. | Ица - Ирина Милчева |
| Година на издаване | 2022 |
| 300 ## - Физическа характеристика | |
| Страници | 176 с. |
| Размери/Мащаб | 21 см |
| 380 ## - Жанр | |
| Жанр | Философия |
| 500 ## - Общи забележки | |
| Забележка | Отзиви: с. 9-12. - Биография: с. 176. |
| 650 #7 - Допълнително описание по предмет – тема | |
| 9 (RLIN) | 170201 |
| Основно описание – тема или топоним | Самоусъвършенстване |
| 852 ## - Местоположение | |
| Форматна сигнатура | Цб 314197 |
| Фондова буква | Хранилище |
| 999 ## - СИСТЕМНИ КОНТРОЛНИ НОМЕРА | |
| Koha biblionumber | 472972 |
| Koha biblioitemnumber | 472972 |
| 942 ## - АРТИКУЛИ | |
| Вид на библиотечния материал | Книги |
| Скрит в OPAC | Не |
| Периодичен библиозапис | Да |
| 944 ## - СЪЗДАВАНЕ И РЕДАКЦИЯ на ЗАПИСА | |
| Създаване/Редакция | Създаване |
| Дата на регистрацията/редакция | 2022-09-09 |
| Служител, извършил регистрацията/редакцията | Кети |
| Код за отписване | Код за изгубен артикул | Източник на класификационната схема | Код за повреда | Коз за рестрикции | Код за отдаване | Артикулен № | Име на библиотеката - собственик | Име на библиотеката, в която се намира в момента | Статус (Текущо местоположение) | Дата на вписване в системата | Местоположение - отдел | Цена в лева | Систематично азбучна сигнатура | Баркод | Цена в евро | Служебен тип на артикула |
|---|---|---|---|---|---|---|---|---|---|---|---|---|---|---|---|---|
| Не е изгубен | Universal Decimal Classification | Не е повреден | само за читалня | ползва се в читалня | 904019 | Регионална библиотека "Любен Каравелов" Русе | Регионална библиотека "Любен Каравелов" Русе | Хранилище | 2022-09-13 | Хранилище | 25.00 | Цб 314197 | 120000876509 | 12.78 | Книги |